The Worklife report

Bibliographic Details
Previous Title:Worklife.
Format: Electronic Journal
Language:English
Published: Kingston, Ont. : IR Research Publications, [1986-2003]
Subjects:
Online Access:Full text available from Research Library: 01/01/1987 to 01/31/2003

MARC

LEADER 00000nas a2200000 a 4500
001 ssj0002109
003 WaSeSS
005 20200512172242.0
006 m d
007 cr n
008 870731d198u2003oncbr p s 0 a0eng
010 |a cn 87031071  
015 |a 870310712  |2 can 
016 |a (AMICUS)000006961727 
016 7 |a 011782585  |2 Uk 
022 |y 0834-292X 
035 |a (WaSeSS)ssj0002109 
037 |b Worklife Report, IR Research Publications, P.O. Box 1092, Kingston, Ont. K7L 4Y5 
040 |a NLC  |b eng  |c NLC  |d OCLCO  |d OCLCF  |d UKMGB  |d WaSeSS 
042 |a nlc  |a isds/c 
043 |a n-cn--- 
055 0 1 |a HD5701 
082 0 |a 331/.0971  |2 19 
084 |a cci1icc  |2 lacc 
210 0 |a Worklife rep. 
222 0 |a Worklife report 
245 0 4 |a The Worklife report  |h [electronic resource]. 
260 |a Kingston, Ont. :  |b IR Research Publications,  |c [1986-2003] 
310 |a Bimonthly 
362 0 |a Vol. 5, no. 1- 
362 1 |a Ceased with v. 14, no. 4 (2003)? 
500 |a Title from cover. 
506 |a License restrictions may limit access. 
650 0 |a Labor economics  |z Canada  |x Periodicals. 
650 0 |a Working class  |z Canada  |v Periodicals. 
650 6 |a Économie du travail  |z Canada  |x Périodiques. 
650 6 |a Travailleurs  |z Canada  |x Périodiques. 
650 7 |a Labor economics.  |2 fast  |0 (OCoLC)fst00989943 
650 7 |a Working class.  |2 fast  |0 (OCoLC)fst01180418 
651 7 |a Canada.  |2 fast  |0 (OCoLC)fst01204310 
655 0 |a Electronic journals. 
780 0 0 |t Worklife.  |d [Ottawa : G.F. Sanderson, 1980-1986]  |x 0227-7743  |w (CaOONL) 810300613  |w (OCoLC)7805661  |w (DLC)cn 81030061 
856 4 0 |z Full text available from Research Library: 01/01/1987 to 01/31/2003  |u https://search.proquest.com/publication/36066